000 00691cam a2200241 a 4500
001 000017578
003 UkOxU
005 20200929165146.0
008 880808s1939 ag 000 f spa d
035 _aoxf98611605
040 _aDO-SdBNP
_cIPL
_dm/c
082 _a863.6
_bA996d
100 1 _aAzorín,
_d1873-1967.
_95278
245 1 0 _aDoña Inés /
_cAzorín.
260 _aBuenos Aires :
_bLosada,
_c1939.
300 _a161 p. ;
_c18 cm.
490 1 _aBiblioteca contemporánea
_v52
650 4 _aNovela española
_91123
650 4 _aLiteratura española
_ySIGLO XX
_93326
830 0 _aBiblioteca contemporánea ;
_v52
_914729
910 _aCatalogación por copia / LC
049 _aBNGR
999 _c17103
_d17103